Ceník prací kamnářských C 6.

Language: Czech
Published: Praha : Ministerstvo místního hospodářství 1956
Series: Knižnice místního hospodářství (Ministerstvo místního hospodářství)
Physical Description: 111 s.
Book
Saved in:
LEADER 01165nam a22003132a 4500
001 001440992
003 CZ BrMZK
005 20190904143714.0
007 ta
008 141202s1956 xr er|||||||||||cze d
015 |a cnb000681290 
035 |a (OCoLC)85457018 
040 |a ABA001  |b cze  |c OSA001  |d BOA001 
072 7 |a 683  |x Železářství. Zámečnictví. Topná zařízení  |2 Konspekt  |9 19 
080 |a 683.9  |2 MRF 
080 |a (085.6/.7)  |2 MRF 
245 0 0 |a Ceník prací kamnářských C 6. 
260 |a Praha :  |b Ministerstvo místního hospodářství  |c 1956 
300 |a 111 s. 
490 1 |a Knižnice místního hospodářství ;  |v sv. 2/199 
500 |a 10000 výt. 
505 0 |a část 1. Práce nové ; Dodání a osazení kamen pokojových i kuchyňských -- část 2. Údržba a opravy ; Ceník hmot 
650 0 7 |a kamnářství  |7 ph318962  |2 czenas 
655 7 |a ceníky  |7 fd131951  |2 czenas 
830 0 |a Knižnice místního hospodářství (Ministerstvo místního hospodářství) 
910 |a BOA001  |b 2-0379.694 
990 |a BK 
991 |b 201412 
996 6 |b 2619140387  |c 2-0379.694  |l MZK  |r Sklad / do 24 hodin  |n 0  |w 001475834  |u 000010  |a 1  |e BOA001  |j MZK50  |s P